| 000 | 00494nam a2200193Ia 4500 | ||
|---|---|---|---|
| 003 | GCL | ||
| 008 | 140319s9999 xx 000 0 eng d | ||
| 040 |
_aGCL / _cGCL |
||
| 082 | 0 | 4 |
_a581.8732 _bWD |
| 100 | 1 | _aWEISING,KURT | |
| 245 | 1 | 0 |
_aDNA FINGERPRINTIG IN PLANTS AND FURJI / _cWEISING,KURT |
| 700 | 1 | _aNYBOM,HILDE | |
| 260 |
_a[S.N] : _bCRC PRESS ، _c1994 |
||
| 300 | _a322.P | ||
| 650 | 0 | 4 | _aPRINTING |
| 650 | 0 | 4 | _aDNA FINGER PRINTINY |
| 650 | 0 | 4 | _aFINGER PRINTING |
| 942 |
_2ddc _cBK |
||
| 999 |
_c11671 _d11671 |
||